[Event "2. Arberseniorencup 2014"]
[Site "Bayerisch Eisenstein"]
[Date "2014.08.21"]
[Round "6.13"]
[White "Pohl, Rolf-Dieter"]
[Black "Hedzic, Omer"]
[Result "0-1"]
[WhiteElo "1000"]
[BlackElo "1622"]
[PlyCount "73"]
[EventDate "2014.08.16"]
[WhiteTeam "SC Vaterstetten-Grasbrunn"]
[BlackTeam "SC Bw Regen/Zwiesel e.V."]

1. d4 d5 2. c4 e5 3. e3 Nc6 4. Nc3 Be6 5. b3 a6 6. Be2 e4 7. cxd5 Bxd5 8. Nxd5
Qxd5 9. f3 Nf6 10. a3 Bd6 11. Nh3 h6 12. O-O g6 13. Bc4 Qh5 14. Bb2 b5 15. Be2
Qd5 16. Qc2 Kd7 17. Nf2 Rhe8 18. Nd1 h5 19. Nc3 Qg5 20. Qc1 Re7 21. Nd1 Rae8
22. Qc3 Nd5 23. Qc1 f5 24. f4 Qh6 25. Nc3 Nf6 26. b4 g5 27. d5 Nd8 28. Nxb5
Nxd5 29. Nxd6 Qxd6 30. Rd1 c6 31. Bxa6 gxf4 32. b5 fxe3 33. Qxe3 Nxe3 34. bxc6+
Nxc6 35. Rxd6+ Kxd6 36. Bf6 Re6 37. Rd1+ 0-1

[Event "2. Arberseniorencup 2014"]
[Site "Bayerisch Eisenstein"]
[Date "2014.08.22"]
[Round "7.1"]
[White "Wünsch, Ulrich"]
[Black "Block, Wolfgang"]
[Result "1-0"]
[WhiteElo "2079"]
[BlackElo "2074"]
[PlyCount "125"]
[EventDate "2014.08.16"]
[WhiteTeam "USG Chemnitz"]
[BlackTeam "DJK Aufwärts St. Josef Aachen 19"]

1. d4 Nf6 2. Nf3 g6 3. c4 Bg7 4. Nc3 O-O 5. e4 d6 6. Be2 e5 7. O-O Nc6 8. d5
Ne7 9. Ne1 Nd7 10. Be3 f5 11. f3 f4 12. Bf2 g5 13. b4 a5 14. a3 Nf6 15. c5 Ne8
16. Rc1 Ng6 17. Nb5 Rf7 18. Qc2 Bf8 19. cxd6 Bxd6 20. Nd3 b6 21. Qc3 Qe7 22.
Nxd6 Nxd6 23. Nb2 axb4 24. axb4 g4 25. Ra1 Rxa1 26. Rxa1 g3 27. hxg3 fxg3 28.
Bxg3 Qg5 29. Bh2 Bh3 30. Bf1 Nh4 31. f4 exf4 32. Qxh3 Nxe4 33. Qd3 Ng3 34. Ra8+
Kg7 35. Qd4+ Kh6 36. Bxg3 fxg3 37. Re8 Rf4 38. Re4 Ng6 39. Rxf4 Nxf4 40. Nd3
Nxd5 41. Ne5 Qe3+ 42. Qxe3+ Nxe3 43. Bd3 c5 44. b5 Kg7 45. Nc4 Nxc4 46. Bxc4
Kf6 47. Bd5 Ke5 48. Bf7 Ke4 49. Kf1 Kd4 50. Ke2 c4 51. Kd2 Kc5 52. Be8 Kb4 53.
Kc2 h6 54. Kb2 c3+ 55. Kc2 Kc4 56. Bf7+ Kxb5 57. Kxc3 Kc5 58. Kd3 b5 59. Ke3 b4
60. Kf3 Kd4 61. Kxg3 Kc3 62. Kh4 b3 63. Kh5 1-0

[Event "2. Arberseniorencup 2014"]
[Site "Bayerisch Eisenstein"]
[Date "2014.08.22"]
[Round "7.2"]
[White "Zilch, Lothar"]
[Black "Winiwarter, Felix"]
[Result "1/2-1/2"]
[WhiteElo "1931"]
[BlackElo "2149"]
[PlyCount "107"]
[EventDate "2014.08.16"]
[WhiteTeam "SV Alsfeld"]
[BlackTeam "Sgm Voest Krems"]

1. c4 Nf6 2. Nc3 g6 3. e4 d6 4. d4 Bg7 5. Be2 O-O 6. Bg5 c5 7. d5 b5 8. cxb5 a6
9. bxa6 Qa5 10. Bd2 Bxa6 11. Nf3 Nbd7 12. O-O Rfb8 13. Bxa6 Qxa6 14. Rb1 Nb6
15. b3 Nbd7 16. Qc2 h6 17. h3 Ne8 18. a4 Nc7 19. Rfc1 Re8 20. Rd1 e5 21. Be1
Rf8 22. g4 Qc8 23. Nd2 Ra6 24. Nc4 Nf6 25. f3 Nfe8 26. Ne3 Bf6 27. Bd2 Kg7 28.
Kh2 Bg5 29. Ng2 Qd8 30. Qc1 Ra8 31. Rf1 Na6 32. h4 Bxd2 33. Qxd2 Nb4 34. g5
hxg5 35. hxg5 f6 36. f4 Qe7 37. f5 fxg5 38. fxg6 Nf6 39. Qxg5 Rh8+ 40. Kg1 Rh5
41. Qxh5 Nxh5 42. Rf7+ Qxf7 43. gxf7 Kxf7 44. Nb5 Ke7 45. Ne3 Ng3 46. Nf5+ Nxf5
47. exf5 Rf8 48. Rf1 Rf6 49. Nc3 Rf8 50. Rf2 Nd3 51. Rd2 Rg8+ 52. Kh1 Rh8+ 53.
Kg1 Rg8+ 54. Kh1 1/2-1/2

[Event "2. Arberseniorencup 2014"]
[Site "Bayerisch Eisenstein"]
[Date "2014.08.22"]
[Round "7.3"]
[White "Kanewski, Josef"]
[Black "Titz, Herbert"]
[Result "1-0"]
[WhiteElo "2084"]
[BlackElo "1987"]
[PlyCount "83"]
[EventDate "2014.08.16"]
[WhiteTeam "SK Weiden 1907"]
[BlackTeam "Austria Wien"]

1. d4 Nf6 2. c4 c5 3. d5 b5 4. cxb5 a6 5. b6 Qxb6 6. Nc3 d6 7. e4 g6 8. Be2 Bg7
9. Nf3 O-O 10. O-O a5 11. a4 Na6 12. Nd2 Nc7 13. Nc4 Qa7 14. Na3 Ba6 15. Bxa6
Qxa6 16. Ncb5 Qb7 17. Qe2 Nd7 18. Bg5 Rfe8 19. Qc2 Na6 20. Bd2 Nb4 21. Qb3 Nb6
22. Bc3 Rac8 23. Nc4 Nxc4 24. Qxc4 Rcd8 25. Rad1 Qb6 26. f4 Na6 27. e5 Nc7 28.
Rfe1 Nxb5 29. Qxb5 Qxb5 30. axb5 dxe5 31. fxe5 a4 32. Re4 Rb8 33. Rxa4 Rxb5 34.
Ra7 Bf8 35. d6 exd6 36. exd6 Bg7 37. d7 Rd8 38. Re1 Bxc3 39. Re8+ Kg7 40. Rxd8
Rxb2 41. Rg8+ Kxg8 42. d8=Q+ 1-0

[Event "2. Arberseniorencup 2014"]
[Site "Bayerisch Eisenstein"]
[Date "2014.08.22"]
[Round "7.4"]
[White "Selig, Rainer"]
[Black "Zerweck, Christoph"]
[Result "1-0"]
[WhiteElo "2070"]
[BlackElo "1881"]
[PlyCount "141"]
[EventDate "2014.08.16"]
[WhiteTeam "Spielver. Ebersbach/SA."]
[BlackTeam "SV Herrenberg e.V."]

1. c4 Nf6 2. Nf3 g6 3. Nc3 Bg7 4. e4 d6 5. d4 O-O 6. h3 e5 7. Be3 Nbd7 8. Be2
a5 9. Qd2 c6 10. Rd1 Qe7 11. dxe5 dxe5 12. O-O Re8 13. Qc2 Nh5 14. Na4 Nf4 15.
c5 Nf8 16. Nb6 Rb8 17. Nc4 Qc7 18. Nd6 Rd8 19. Bc4 Be6 20. Ng5 Bxc4 21. Qxc4
Rd7 22. g3 N4e6 23. Nf3 h6 24. Rd2 Rbd8 25. Rfd1 Kh7 26. Qc3 f6 27. Kg2 h5 28.
Rd3 Bh6 29. Bxh6 Kxh6 30. b3 b6 31. cxb6 Qxb6 32. Nc4 Qb4 33. Qc1+ g5 34. Rxd7
Rxd7 35. Rxd7 Nxd7 36. h4 a4 37. Qe3 axb3 38. hxg5+ Nxg5 39. axb3 Kg6 40. Nh4+
Kf7 41. Nf5 Nc5 42. Ncd6+ Ke6 43. Ne8 Qxe4+ 44. Qxe4 Ngxe4 45. Neg7+ Kd5 46.
Ne7+ Kd6 47. Nef5+ Kd7 48. b4 Nd3 49. Nxh5 Nxb4 50. f3 Nd2 51. Nxf6+ Ke6 52.
Ne4 Kxf5 53. Nxd2 c5 54. Kf2 Nd5 55. Ke2 Nf6 56. Ke3 Ke6 57. Kd3 Kd5 58. g4 Nh7
59. Ne4 Nf8 60. g5 Ng6 61. Nf6+ Ke6 62. Ke4 c4 63. Nd5 Ne7 64. Ne3 c3 65. Kd3
Nf5 66. Ng4 Nd4 67. g6 c2 68. Kd2 Nxf3+ 69. Kxc2 Kf5 70. g7 Kxg4 71. g8=Q+ 1-0

[Event "2. Arberseniorencup 2014"]
[Site "Bayerisch Eisenstein"]
[Date "2014.08.22"]
[Round "7.5"]
[White "Tomanek, Rafael"]
[Black "Gerl, Hans"]
[Result "0-1"]
[WhiteElo "1946"]
[BlackElo "2046"]
[PlyCount "86"]
[EventDate "2014.08.16"]
[WhiteTeam "SK Doprastav Bratislava"]
[BlackTeam "SK Zirndorf e.V."]

1. d4 Nf6 2. Nf3 e6 3. c4 b6 4. Nc3 Bb4 5. Bg5 h6 6. Bh4 Bb7 7. e3 O-O 8. Bd3
Be7 9. O-O d6 10. b4 Nbd7 11. Qe2 c5 12. a3 Rc8 13. Rfe1 e5 14. d5 Nxd5 15.
Nxd5 Bxh4 16. Nxh4 Qxh4 17. Bf5 Bxd5 18. cxd5 Rc7 19. Bxd7 Rxd7 20. Rec1 f5 21.
Rc4 Qg5 22. b5 Rdf7 23. f3 h5 24. Qf2 e4 25. f4 Qf6 26. Ra2 Kh7 27. h4 Qe7 28.
g3 Rf6 29. a4 Rg6 30. Kh2 Rff6 31. a5 Rg4 32. axb6 axb6 33. Ra8 Rfg6 34. Rca4
Rxg3 35. Qxg3 Rxg3 36. Kxg3 Qf7 37. Rb8 Qxd5 38. Ra7 Qd3 39. Rxb6 Qxe3+ 40. Kh2
Qxf4+ 41. Kg1 e3 42. Rbb7 Qg3+ 43. Kh1 e2 0-1

[Event "2. Arberseniorencup 2014"]
[Site "Bayerisch Eisenstein"]
[Date "2014.08.22"]
[Round "7.6"]
[White "Riedl, Maximilian"]
[Black "Gervinskas-Wagner, Vidmant"]
[Result "1/2-1/2"]
[WhiteElo "2005"]
[BlackElo "1896"]
[PlyCount "107"]
[EventDate "2014.08.16"]
[WhiteTeam "SC Furth im W./Waldmünch"]
[BlackTeam "SK Freising"]

1. Nf3 Nf6 2. g3 d5 3. Bg2 c6 4. O-O g6 5. d3 Bg7 6. Nbd2 O-O 7. e4 dxe4 8.
dxe4 Bg4 9. h3 Bxf3 10. Qxf3 Nbd7 11. Nc4 b5 12. Ne3 Qc7 13. Qe2 e5 14. Ng4
Nxg4 15. Qxg4 Rac8 16. Rd1 Rfd8 17. Bg5 f6 18. Be3 Nb6 19. Qe6+ Kh8 20. Bf1 Na4
21. Qb3 a6 22. c4 Rxd1 23. Rxd1 Rd8 24. cxb5 Rxd1 25. Qxd1 axb5 26. b3 Nc3 27.
Qc2 b4 28. a3 Bf8 29. axb4 Bxb4 30. Kg2 Qd7 31. Bd3 Nb5 32. Qc4 Be7 33. Be2 Kg7
34. Qc1 Nd4 35. Bh6+ Kh8 36. Bc4 f5 37. exf5 Qxf5 38. Be3 Qe4+ 39. Kg1 Nf3+ 40.
Kf1 Nh2+ 41. Ke2 Bb4 42. Be6 Nf3 43. Kf1 Qd3+ 44. Kg2 Ne1+ 45. Kg1 Qe4 46. Kf1
Qd3+ 47. Kg1 Nf3+ 48. Kg2 Qe4 49. Kf1 Ne1 50. Qa1 Qg2+ 51. Ke2 Qf3+ 52. Kf1
Qg2+ 53. Ke2 Qf3+ 54. Kf1 1/2-1/2

[Event "2. Arberseniorencup 2014"]
[Site "Bayerisch Eisenstein"]
[Date "2014.08.22"]
[Round "7.7"]
[White "Scheuerlein, Gerhard"]
[Black "Slacik, Johann"]
[Result "1/2-1/2"]
[WhiteElo "1813"]
[BlackElo "1864"]
[PlyCount "25"]
[EventDate "2014.08.16"]
[WhiteTeam "SK Schwabach 1907 e.V."]
[BlackTeam "ESV Westbahn Linz"]

1. d4 d5 2. c4 e6 3. Nc3 Nf6 4. Nf3 c6 5. cxd5 exd5 6. e3 Bd6 7. Bd3 O-O 8. Qc2
Re8 9. h3 Nbd7 10. a3 Nf8 11. Bd2 Bd7 12. b4 b5 13. Bf5 1/2-1/2

[Event "2. Arberseniorencup 2014"]
[Site "Bayerisch Eisenstein"]
[Date "2014.08.22"]
[Round "7.8"]
[White "Gaug, Herbert"]
[Black "Svoboda, Jaroslav"]
[Result "1/2-1/2"]
[WhiteElo "1856"]
[BlackElo "1599"]
[PlyCount "30"]
[EventDate "2014.08.16"]
[WhiteTeam "SC Wolfsberg"]

1. d4 d5 2. c4 c6 3. Nc3 Nf6 4. Nf3 e6 5. e3 a6 6. Bd3 Bb4 7. Bd2 O-O 8. Qc2
dxc4 9. Bxc4 Nd5 10. e4 Nxc3 11. bxc3 Be7 12. h4 c5 13. Bd3 g6 14. g4 cxd4 15.
cxd4 Nc6 1/2-1/2

[Event "2. Arberseniorencup 2014"]
[Site "Bayerisch Eisenstein"]
[Date "2014.08.22"]
[Round "7.9"]
[White "Ketzscher, Roland"]
[Black "Kühnl, Bernd"]
[Result "1-0"]
[WhiteElo "2028"]
[BlackElo "1821"]
[PlyCount "83"]
[EventDate "2014.08.16"]
[WhiteTeam "TSV IFA Chemnitz"]
[BlackTeam "VfL 1990 Gera"]

1. d4 Nf6 2. c4 d6 3. Nc3 g6 4. e4 Bg7 5. Be2 O-O 6. Bg5 h6 7. Be3 c6 8. Qd2
Kh7 9. h3 a6 10. a4 Qa5 11. Ra2 c5 12. Nf3 Nc6 13. d5 Nb4 14. Ra3 Nd7 15. O-O
f5 16. exf5 gxf5 17. Bf4 Ne5 18. Re1 Qd8 19. Nd1 Bd7 20. Qc2 Qe8 21. a5 Rg8 22.
Kh1 Bf6 23. Bf1 Nxf3 24. Rxf3 Qf8 25. Bd2 Bg5 26. Ne3 Rg7 27. Bxb4 cxb4 28. Qd2
Qc8 29. Qxb4 Rb8 30. Nc2 Kh8 31. Nd4 Bf6 32. Ne6 Bxe6 33. Rxe6 Qc7 34. Rxf5 b6
35. axb6 Qxb6 36. Qxb6 Rxb6 37. c5 Rxb2 38. cxd6 Rb7 39. dxe7 Bxe7 40. Rxh6+
Rh7 41. Rxa6 Rd7 42. Bd3 1-0

[Event "2. Arberseniorencup 2014"]
[Site "Bayerisch Eisenstein"]
[Date "2014.08.22"]
[Round "7.10"]
[White "Sagner, Günter"]
[Black "Reichert, Rudolf"]
[Result "1-0"]
[WhiteElo "1688"]
[BlackElo "1845"]
[PlyCount "59"]
[EventDate "2014.08.16"]
[WhiteTeam "SC Bw Regen/Zwiesel e.V."]

1. d4 d5 2. c4 Nf6 3. Nc3 c6 4. Nf3 h6 5. h3 Bf5 6. e3 e6 7. Be2 Bd6 8. O-O Qc7
9. b3 Nbd7 10. cxd5 exd5 11. Bb2 O-O-O 12. a4 g5 13. Rc1 g4 14. Nh4 Be6 15.
hxg4 Rdg8 16. Nf5 Bh2+ 17. Kh1 Bxf5 18. gxf5 h5 19. f4 h4 20. Kxh2 Rg3 21. Bf3
Kb8 22. Nb5 Qd8 23. Nd6 Qg8 24. Qe1 Ng4+ 25. Bxg4 Rxg4 26. Rg1 Nf6 27. Qb4 b6
28. Rxc6 Rg3 29. Rxb6+ Kc7 30. Rb7+ 1-0

[Event "2. Arberseniorencup 2014"]
[Site "Bayerisch Eisenstein"]
[Date "2014.08.22"]
[Round "7.12"]
[White "Hedzic, Omer"]
[Black "Glatz, Volker"]
[Result "1-0"]
[WhiteElo "1622"]
[BlackElo "1196"]
[PlyCount "115"]
[EventDate "2014.08.16"]
[WhiteTeam "SC Bw Regen/Zwiesel e.V."]
[BlackTeam "SC Bw Regen/Zwiesel e.V."]

1. e4 e6 2. Nf3 c6 3. a3 d5 4. e5 Nd7 5. d4 h6 6. Be3 Qb6 7. b4 a6 8. Bd3 a5 9.
c3 axb4 10. a4 bxc3 11. Nxc3 Bb4 12. Bd2 Qa5 13. Qc2 b5 14. O-O Ne7 15. Qb3
Bxc3 16. Bxc3 Qa6 17. axb5 Qb7 18. Rab1 c5 19. Qc2 Nf8 20. dxc5 Nfg6 21. Bd4
O-O 22. c6 Qc7 23. Rfc1 Nxc6 24. bxc6 Ba6 25. Bxg6 fxg6 26. Qxg6 Bc8 27. h3 Ra6
28. Qc2 Rf7 29. Nh2 Rf4 30. Nf3 Rf8 31. Be3 Rf7 32. Qc3 Rf8 33. Rb2 Ra4 34.
Rbc2 Ba6 35. Bc5 Rc4 36. Qa3 Ra8 37. Rxc4 dxc4 38. Bd6 Qxc6 39. Nd4 Qe8 40. Qb4
Qg6 41. Nc6 Qg5 42. Rc3 Qd2 43. Ne7+ Kh7 44. Qb1+ Kh8 45. Rf3 c3 46. Ng6+ Kg8
47. Qb3 c2 48. Qxe6+ Kh7 49. Ba3 c1=Q+ 50. Bxc1 Qxc1+ 51. Kh2 Bb7 52. Rf7 Qc5
53. Qf6 Rg8 54. Rxb7 Qd5 55. Re7 Qe4 56. Nf8+ Kh8 57. Qf7 h5 58. Qxh5+ 1-0

[Event "2. Arberseniorencup 2014"]
[Site "Bayerisch Eisenstein"]
[Date "2014.08.22"]
[Round "7.13"]
[White "Tveten, Per"]
[Black "Pohl, Rolf-Dieter"]
[Result "1-0"]
[WhiteElo "1578"]
[BlackElo "1000"]
[PlyCount "149"]
[EventDate "2014.08.16"]
[BlackTeam "SC Vaterstetten-Grasbrunn"]

1. e4 c6 2. c4 d5 3. cxd5 cxd5 4. exd5 Qxd5 5. Nc3 Qf5 6. Nf3 Nc6 7. a3 e6 8.
d4 a6 9. Bd3 Qa5 10. Bd2 Qc7 11. O-O Bd6 12. g3 Nf6 13. Re1 Bd7 14. d5 Ne7 15.
dxe6 Bxe6 16. Rc1 Qd7 17. Ne4 Nxe4 18. Bxe4 O-O 19. Bb4 Rad8 20. Qxd6 Qxd6 21.
Bxd6 Rxd6 22. Rc7 Nc6 23. Rxb7 Nb8 24. Ng5 g6 25. Rc1 Rfd8 26. Kg2 Nd7 27. Rcc7
Ne5 28. Nxe6 Rxe6 29. Re7 Rxe7 30. Rxe7 f6 31. Re6 Kg7 32. Rxa6 Rd2 33. h3 Rxb2
34. a4 Re2 35. Bf3 Nxf3 36. Kxf3 Re5 37. a5 g5 38. Ra7+ Kg6 39. a6 h5 40. Ra8
Rf5+ 41. Kg2 Ra5 42. g4 Ra3 43. a7 Kg7 44. gxh5 f5 45. f3 f4 46. Kf2 Ra2+ 47.
Ke1 Ra3 48. Ke2 Re3+ 49. Kd2 Ra3 50. Kc2 Ra2+ 51. Kb3 Ra6 52. Kb4 Ra1 53. Kb5
Rb1+ 54. Kc5 Ra1 55. Kd5 Ra3 56. Ke6 Ra6+ 57. Kf5 Ra5+ 58. Kg4 Ra3 59. Kxg5
Ra5+ 60. Kxf4 Ra4+ 61. Kg3 Ra3 62. Kg4 Ra4+ 63. f4 Ra1 64. h6+ Kh7 65. f5 Ra4+
66. Kg5 Ra3 67. f6 Ra5+ 68. Kf4 Ra4+ 69. Ke5 Ra5+ 70. Ke6 Ra6+ 71. Ke7 Ra1 72.
f7 Re1+ 73. Kf6 Rf1+ 74. Kg5 Rg1+ 75. Kh4 1-0

[Event "2. Arberseniorencup 2014"]
[Site "Bayerisch Eisenstein"]
[Date "2014.08.23"]
[Round "8.1"]
[White "Winiwarter, Felix"]
[Black "Wünsch, Ulrich"]
[Result "1-0"]
[WhiteElo "2149"]
[BlackElo "2079"]
[PlyCount "101"]
[EventDate "2014.08.16"]
[WhiteTeam "Sgm Voest Krems"]
[BlackTeam "USG Chemnitz"]

1. d4 Nf6 2. c4 e6 3. Nc3 Bb4 4. e3 O-O 5. Bd3 d5 6. Nf3 c5 7. O-O dxc4 8. Bxc4
Nc6 9. a3 Bxc3 10. bxc3 Qe7 11. Qc2 Rd8 12. Bb2 e5 13. h3 e4 14. Nd2 Bf5 15.
Rfe1 Rac8 16. Qd1 a6 17. a4 Qd7 18. Bf1 h6 19. a5 cxd4 20. cxd4 Nb4 21. Nc4
Nfd5 22. Ba3 Rc7 23. Qd2 Nc6 24. Bc5 Qe6 25. Qb2 Qg6 26. Kh2 Rcd7 27. Qa3 Be6
28. Rab1 f5 29. Bd6 f4 30. exf4 Nxd4 31. Qc5 Nc6 32. Ne5 Nxe5 33. Bxe5 Rf7 34.
Red1 Rc8 35. Qa3 Nxf4 36. Rbc1 Rxc1 37. Rd8+ Kh7 38. Qxc1 Nd3 39. Bxd3 exd3 40.
Qe3 Qf5 41. f4 Bc4 42. Qd4 Bb5 43. Qd6 Rd7 44. Qb8 Rxd8 45. Qxd8 Bc6 46. Qe7
Qg6 47. g3 Bb5 48. f5 Qg5 49. Qd6 Qe3 50. Qg6+ Kh8 51. Qxg7# 1-0

[Event "2. Arberseniorencup 2014"]
[Site "Bayerisch Eisenstein"]
[Date "2014.08.23"]
[Round "8.2"]
[White "Block, Wolfgang"]
[Black "Selig, Rainer"]
[Result "0-1"]
[WhiteElo "2074"]
[BlackElo "2070"]
[PlyCount "174"]
[EventDate "2014.08.16"]
[WhiteTeam "DJK Aufwärts St. Josef Aachen 19"]
[BlackTeam "Spielver. Ebersbach/SA."]

1. d4 d5 2. Nf3 Nf6 3. c4 c6 4. Nc3 e6 5. Bg5 h6 6. Bxf6 Qxf6 7. e3 Bd6 8. Be2
Qe7 9. O-O O-O 10. e4 dxe4 11. Nxe4 Bc7 12. Qb3 b6 13. Rad1 Nd7 14. Bd3 c5 15.
d5 exd5 16. cxd5 Ne5 17. d6 Nxf3+ 18. gxf3 Bxd6 19. Nxd6 Bh3 20. Ne4 Bxf1 21.
Rxf1 Rad8 22. Ng3 Qf6 23. Re1 Rfe8 24. Be4 g6 25. Qc2 Re7 26. Rd1 Red7 27. Rxd7
Rxd7 28. Qe2 Kg7 29. Bd3 Qd6 30. Bc4 Qd1+ 31. Qxd1 Rxd1+ 32. Nf1 f5 33. f4 g5
34. fxg5 hxg5 35. Kg2 Kf6 36. b3 Ke5 37. Kf3 Rd8 38. Ke3 Rh8 39. Nd2 Rh3+ 40.
Ke2 Kf4 41. Nf1 Rh7 42. a4 Rh8 43. Bd5 Ke5 44. Bc4 Kd4 45. Nd2 g4 46. Nf1 Re8+
47. Kd2 f4 48. Be2 Rg8 49. Bc4 Rg7 50. Ba6 Rh7 51. Be2 Rg7 52. Bc4 Ke4 53. Ke2
Rg5 54. Nd2+ Ke5 55. Kd3 Rh5 56. Nf1 Rh3+ 57. Kd2 Rh8 58. Ke2 Rh6 59. f3 Kf5
60. fxg4+ Kxg4 61. Kf2 Rd6 62. Be2+ Kg5 63. Kf3 Rd4 64. Bc4 Kh4 65. Kg2 Kg4 66.
Be6+ Kg5 67. Kf2 Kf6 68. Bc4 Ke5 69. Ke2 Rd8 70. Nd2 Rh8 71. Nf3+ Kf5 72. Bd3+
Kg4 73. Kf2 Re8 74. Bb5 Re3 75. Bd7+ Kh5 76. h4 Rxb3 77. Be8+ Kh6 78. h5 Rb2+
79. Kf1 a6 80. Nh4 Kg5 81. Nf3+ Kg4 82. Ne5+ Kg3 83. Bc6 Rh2 84. Bf3 b5 85.
axb5 axb5 86. Bd1 c4 87. Nf7 f3 0-1

[Event "2. Arberseniorencup 2014"]
[Site "Bayerisch Eisenstein"]
[Date "2014.08.23"]
[Round "8.3"]
[White "Zilch, Lothar"]
[Black "Kanewski, Josef"]
[Result "1-0"]
[WhiteElo "1931"]
[BlackElo "2084"]
[PlyCount "69"]
[EventDate "2014.08.16"]
[WhiteTeam "SV Alsfeld"]
[BlackTeam "SK Weiden 1907"]

1. c4 f5 2. d4 Nf6 3. Nc3 g6 4. g3 Bg7 5. Bg2 d6 6. e3 O-O 7. Nf3 c6 8. O-O Qc7
9. d5 e5 10. dxe6 Bxe6 11. Qd3 Kh8 12. Rd1 Na6 13. Qe2 Rad8 14. Bd2 h6 15. Rab1
Qf7 16. b3 Nc5 17. Nd4 Bc8 18. Be1 Rfe8 19. Rbc1 g5 20. Qc2 Nce4 21. Nde2 Nc5
22. Nd4 Nfe4 23. Kh1 Nxc3 24. Bxc3 f4 25. exf4 gxf4 26. b4 Na6 27. b5 Nc5 28.
bxc6 Qxc4 29. cxb7 Nxb7 30. Nc6 Bxc3 31. Qxc3+ Qxc3 32. Rxc3 Rd7 33. Nxa7 Nc5
34. Nxc8 Rxc8 35. Bh3 1-0

[Event "2. Arberseniorencup 2014"]
[Site "Bayerisch Eisenstein"]
[Date "2014.08.23"]
[Round "8.4"]
[White "Gerl, Hans"]
[Black "Riedl, Maximilian"]
[Result "1/2-1/2"]
[WhiteElo "2046"]
[BlackElo "2005"]
[PlyCount "114"]
[EventDate "2014.08.16"]
[WhiteTeam "SK Zirndorf e.V."]
[BlackTeam "SC Furth im W./Waldmünch"]

1. d4 d5 2. c4 e6 3. Nc3 Nf6 4. e3 Be7 5. Nf3 O-O 6. Bd3 c6 7. O-O Nbd7 8. b3
Bd6 9. Bb2 h6 10. e4 dxe4 11. Nxe4 Nxe4 12. Bxe4 Nf6 13. Bc2 Bd7 14. Ne5 Be8
15. f4 g6 16. Qf3 Be7 17. Rad1 Kh7 18. Kh1 Qc7 19. h4 h5 20. Bb1 Kg8 21. Qg3
Bd8 22. f5 exf5 23. Bxf5 Ng4 24. Bxg4 hxg4 25. Qxg4 f5 26. Qf4 Qh7 27. Nf3 Bc7
28. Qg5 Bd8 29. Qg3 Bc7 30. Qf2 Bd8 31. Kg1 Bd7 32. d5 cxd5 33. cxd5 Re8 34.
Rfe1 Re4 35. Rxe4 fxe4 36. Ng5 Bxg5 37. hxg5 b6 38. Qe3 Re8 39. Rc1 Bf5 40. d6
Rd8 41. Qd4 Re8 42. Rc7 Bd7 43. Qe3 Qf7 44. Bf6 Qe6 45. Be7 Qg4 46. Rc1 Rc8 47.
Rxc8+ Bxc8 48. Qd2 Kf7 49. Qd4 Qf5 50. Qe3 Bd7 51. a4 Ke6 52. b4 Bxa4 53. Qa3
Bc6 54. Qc3 Bd7 55. Qb3+ Qd5 56. Qh3+ Qf5 57. Qb3+ Qd5 1/2-1/2

[Event "2. Arberseniorencup 2014"]
[Site "Bayerisch Eisenstein"]
[Date "2014.08.23"]
[Round "8.5"]
[White "Titz, Herbert"]
[Black "Ketzscher, Roland"]
[Result "1/2-1/2"]
[WhiteElo "1987"]
[BlackElo "2028"]
[PlyCount "119"]
[EventDate "2014.08.16"]
[WhiteTeam "Austria Wien"]
[BlackTeam "TSV IFA Chemnitz"]

1. e4 e6 2. d4 d5 3. Nd2 Nf6 4. e5 Nfd7 5. Bd3 c5 6. c3 Nc6 7. Ne2 cxd4 8. cxd4
f6 9. exf6 Nxf6 10. O-O Bd6 11. Nf3 Qc7 12. Bg5 O-O 13. Bh4 Bd7 14. Bg3 Rae8
15. Rc1 Qb8 16. Bb1 Re7 17. a3 Be8 18. Bxd6 Qxd6 19. Ng3 h6 20. Re1 Nh5 21. Ne5
Nxg3 22. hxg3 Nxe5 23. Rxe5 Rf6 24. Rc8 Qd7 25. Qc2 g6 26. Rc3 Qa4 27. Qd2 Kg7
28. Rce3 Qc4 29. Rc3 Qa4 30. Rc5 Ref7 31. f3 b6 32. Rc3 Qa6 33. Qe3 Bd7 34. Bd3
Bb5 35. Bxb5 Qxb5 36. Rxe6 Rxe6 37. Qxe6 Qd7 38. Qe5+ Kh7 39. Re3 Rg7 40. Kf2
Qf7 41. g4 Qd7 42. Kg3 Qf7 43. Kf2 Qd7 44. g3 Qb5 45. Re2 Qd7 46. f4 Qxg4 47.
Qxd5 Rd7 48. Qe4 Qh3 49. Rd2 Kg7 50. d5 h5 51. d6 h4 52. gxh4 Qxh4+ 53. Ke2
Qh2+ 54. Kd1 Qg1+ 55. Qe1 Qg4+ 56. Kc1 Qxf4 57. Qe6 Qf1+ 58. Rd1 Qf4+ 59. Rd2
Qf1+ 60. Rd1 1/2-1/2

[Event "2. Arberseniorencup 2014"]
[Site "Bayerisch Eisenstein"]
[Date "2014.08.23"]
[Round "8.6"]
[White "Gervinskas-Wagner, Vidmant"]
[Black "Gaug, Herbert"]
[Result "1-0"]
[WhiteElo "1896"]
[BlackElo "1856"]
[PlyCount "117"]
[EventDate "2014.08.16"]
[WhiteTeam "SK Freising"]
[BlackTeam "SC Wolfsberg"]

1. d4 d5 2. c4 c6 3. Nc3 Nf6 4. e3 e6 5. Nf3 Nbd7 6. Bd3 dxc4 7. Bxc4 b5 8. Bd3
b4 9. Ne4 Nxe4 10. Bxe4 Bb7 11. O-O Bd6 12. Bd2 Rc8 13. Rc1 O-O 14. Qb3 a5 15.
Rfd1 h6 16. a3 Qe7 17. axb4 axb4 18. Rc4 Nf6 19. Bd3 Ba6 20. Rc2 Bxd3 21. Qxd3
Rfd8 22. Rdc1 e5 23. Qf5 g6 24. Qh3 e4 25. Ne1 Kg7 26. Rxc6 Rxc6 27. Rxc6 g5
28. Qf5 Qb7 29. Rc4 b3 30. Ra4 Qb8 31. g3 Bc7 32. Ra6 Bd6 33. Qa5 Qc8 34. Kg2
Bc7 35. Qa4 Qf5 36. h3 h5 37. Qxb3 h4 38. Qd1 g4 39. hxg4 Nxg4 40. f4 hxg3 41.
Kxg3 Nf6 42. Ng2 Rh8 43. Rxf6 Kxf6 44. Qg4 Qxg4+ 45. Kxg4 Rg8+ 46. Kh3 Ke6 47.
Kh2 Kf5 48. Kh3 Bd8 49. Be1 Ke6 50. Kh2 Kf5 51. Kh3 Ke6 52. Bh4 Rxg2 53. Bxd8
Rxb2 54. Bg5 Kf5 55. Be7 Ke6 56. Bc5 f5 57. Kh4 Rg2 58. Kh3 Kd5 59. Kxg2 1-0

[Event "2. Arberseniorencup 2014"]
[Site "Bayerisch Eisenstein"]
[Date "2014.08.23"]
[Round "8.7"]
[White "Tomanek, Rafael"]
[Black "Scheuerlein, Gerhard"]
[Result "1-0"]
[WhiteElo "1946"]
[BlackElo "1813"]
[PlyCount "47"]
[EventDate "2014.08.16"]
[WhiteTeam "SK Doprastav Bratislava"]
[BlackTeam "SK Schwabach 1907 e.V."]

1. d4 d5 2. Nf3 Nf6 3. c4 e6 4. Nc3 c5 5. e3 cxd4 6. exd4 Nc6 7. Bg5 Be7 8. Be2
O-O 9. O-O h6 10. Bh4 Nh7 11. Bg3 dxc4 12. Bxc4 Bd6 13. d5 Bxg3 14. dxc6 Qc7
15. hxg3 Qxc6 16. Bb5 Qc5 17. Qd4 Qh5 18. Rfe1 Nf6 19. Re5 g5 20. Be2 Ng4 21.
Re4 e5 22. Qb4 Re8 23. Nd5 Re6 24. Rxg4 1-0

[Event "2. Arberseniorencup 2014"]
[Site "Bayerisch Eisenstein"]
[Date "2014.08.23"]
[Round "8.8"]
[White "Zerweck, Christoph"]
[Black "Svoboda, Jaroslav"]
[Result "0-1"]
[WhiteElo "1881"]
[BlackElo "1599"]
[PlyCount "108"]
[EventDate "2014.08.16"]
[WhiteTeam "SV Herrenberg e.V."]

1. e4 c5 2. Nf3 e6 3. d4 a6 4. Be3 cxd4 5. Nxd4 Nc6 6. Be2 Nf6 7. Nc3 Bb4 8.
Qd3 O-O 9. O-O Ne5 10. Qd1 Bxc3 11. bxc3 Nxe4 12. f4 Nxc3 13. Qe1 Nxe2+ 14.
Qxe2 Nc6 15. Rf3 Nxd4 16. Bxd4 f6 17. Rh3 Qe8 18. Qg4 Qg6 19. Qh4 Rf7 20. Rf3
Qf5 21. Raf1 b5 22. Rd3 Bb7 23. Rf2 Rc8 24. Rg3 Rxc2 25. Rxc2 Qxc2 26. Bxf6
Qb1+ 27. Kf2 Qf5 28. Be5 h6 29. Qxh6 Qc2+ 30. Ke1 Qb1+ 31. Kd2 Qxa2+ 32. Kc1
Qc4+ 33. Kb2 Qb4+ 34. Kc1 Qe1+ 35. Kb2 Qxg3 36. Bxg7 Qxg7+ 37. Qxg7+ Kxg7 38.
g3 a5 39. h4 Kh6 40. Kc3 Rf5 41. Kc2 Kh5 42. Kc3 Kg4 43. Kb3 Kxg3 44. Kc3 Kxh4
45. Kd4 Kg4 46. Ke3 Rxf4 47. Kd3 Kf3 48. Kc3 Ke3 49. Kb3 Re4 50. Kb2 Rc4 51.
Ka3 Rb4 52. Ka2 Kd3 53. Ka3 Kc2 54. Ka2 Ra4# 0-1

[Event "2. Arberseniorencup 2014"]
[Site "Bayerisch Eisenstein"]
[Date "2014.08.23"]
[Round "8.9"]
[White "Hedzic, Omer"]
[Black "Sagner, Günter"]
[Result "0-1"]
[WhiteElo "1622"]
[BlackElo "1688"]
[PlyCount "70"]
[EventDate "2014.08.16"]
[WhiteTeam "SC Bw Regen/Zwiesel e.V."]
[BlackTeam "SC Bw Regen/Zwiesel e.V."]

1. e4 e6 2. Nf3 c5 3. c4 Nc6 4. a3 d5 5. exd5 exd5 6. d4 dxc4 7. Bxc4 cxd4 8.
O-O Be7 9. Re1 Nf6 10. h3 O-O 11. Bd3 h6 12. Nbd2 Be6 13. b3 Rc8 14. Bb2 Bc5
15. Rc1 Bb6 16. Nc4 Bxc4 17. bxc4 Bc5 18. Nd2 Qd6 19. Nb1 Rfe8 20. Qd2 Rxe1+
21. Rxe1 Re8 22. Rxe8+ Nxe8 23. f4 Nf6 24. g3 Qe6 25. Kh2 b6 26. Qg2 Qe3 27.
Bf1 Ne7 28. a4 Nf5 29. Qg1 Qb3 30. Qg2 Ne3 31. Qa8+ Kh7 32. Qe4+ Nxe4 33. Bc1
Nxf1+ 34. Kg1 Qxg3+ 35. Kh1 Qh2# 0-1